-
2Thorpe, Edgar and Showick, thorpe
Entry Personal Name
Number of records used in: 1
001 - CONTROL NUMBER
003 - CONTROL NUMBER IDENTIFIER
005 - DATE AND TIME OF LATEST TRANSACTION
- control field:
20260413163304.0
008 - FIXED-LENGTH DATA ELEMENTS
- fixed length control field:
260413|| aca||aabn | a|a d
040 ## - CATALOGING SOURCE
- Original cataloging agency:
JRU
- Transcribing agency:
JRU
100 ## - HEADING--PERSONAL NAME
- Personal name:
2Thorpe, Edgar and Showick, thorpe
670 ## - SOURCE DATA FOUND
- Source citation:
Work cat.: (JRU)4662: 2Thorpe, Edgar and Showick, thorpe, Concise General Knowledge Manual (2010), 2010